| 000 | 00778cam a22002413a 4500 | ||
|---|---|---|---|
| 001 | 20509 | ||
| 003 | PGUSA | ||
| 005 | 20140828083432.0 | ||
| 008 | 070202s2007||||xxu|||||s|||||000 | eng d | ||
| 040 |
_aPGUSA _beng |
||
| 042 | _adc | ||
| 050 | 4 | _aE456 | |
| 100 | 1 |
_aPittenger, William, _d1840-1904 |
|
| 245 | 1 | 0 |
_aDaring and Suffering : _b: A History of the Great Railroad Adventure _h[electronic resource] / _cWilliam Pittenger |
| 260 |
_bProject Gutenberg, _c2007 |
||
| 506 | _aPublic domain in the USA. | ||
| 516 | _aElectronic text | ||
| 653 | _aUnited States -- History -- Civil War, 1861-1865 -- Campaigns | ||
| 653 | _aChattanooga Railroad Expedition, 1862 | ||
| 830 | 0 |
_aProject Gutenberg _v20509 |
|
| 856 | 4 | 0 | _uhttp://www.gutenberg.org/ebooks/20509 |
| 942 | _cEB | ||
| 999 |
_c249764 _d249764 |
||